Funny English red : hravá angličtina pre všetky veselé deti : pracovný zošit

Bibliographic Details
Main Authors: Gocníková, Magdaléna (Author), Katrušinová, Zuzana (Author)
Other Authors: Regitko, Miroslav, 1965- (Illustrator), Šilhan, Štefan, 1936- (Illustrator)
Format: Book
Language:Slovak
English
Published: Bratislava Perfekt 2011
Edition:[1. vyd.]
Series:Fifíkova knižnica
Subjects:

MARC

LEADER 00000cam a2200000 a 4500
001 vtls010287198
003 SK-MaSNL
005 20260301213524.0
008 240318s2011 xo a b 000 0 slo
015 |a SNBA2012/11-05514 
020 |a 9788080465018  |q (brož.) 
040 |a SNK  |b slo  |c SNK  |e AACR2 
041 1 |a slo  |a eng 
044 |a xo  |c SK 
072 7 |a 811.111  |x Angličtina  |2 konspekt 
072 7 |a 821-93  |x Literatúra pre deti a mládež (beletria)  |2 konspekt 
080 |a 811.111  |2 2001 
080 |a (0.053.2)  |2 2001 
080 |a (076.1)  |2 2001 
100 1 |a Gocníková, Magdaléna  |4 aut  |9 5936 
245 1 0 |a Funny English  |b red : hravá angličtina pre všetky veselé deti : pracovný zošit  |c [pripravil kolektív spolupracovníkov časopisu Fifík: Magdaléna Gocníková a Zuzana Katrušinová ; ilustrácie: Miroslav Regitko a Štefan Šilhan] 
250 |a [1. vyd.] 
260 |a Bratislava  |b Perfekt  |c 2011 
300 |a 34 s.  |b fareb. ilustr.  |c 29 cm 
490 1 |a Fifíkova knižnica 
500 |a Názov z obalu 
650 0 7 |a angličtina  |2 SNKPH 
650 0 7 |a English language  |2 SNKPHeng  |9 279139 
655 7 |a publikácie pre deti  |2 SNKPH  |9 70148 
655 7 |a pracovné zošity  |2 SNKPH  |9 70188 
655 7 |a Children's literature  |2 SNKPHeng  |9 276039 
655 7 |a Activity books  |2 SNKPHeng  |9 302885 
700 1 |a Katrušinová, Zuzana  |4 aut  |9 414190 
700 1 |a Regitko, Miroslav,  |d 1965-  |4 ill  |9 214883 
700 1 |a Šilhan, Štefan,  |d 1936-  |4 ill  |9 345848 
830 0 |a Fifíkova knižnica  |9 318519 
852 |a Štátna vedecká knižnica v Banskej Bystrici 
919 |a 978-80-8046-501-8 
968 |d 81 
999 |c 921908  |d 923838 
952 |a SNK  |b SNK  |y PREZ  |7 0  |p 17A0705756  |o snkOSB 16315  |i snk2011/14593  |8 0  |0 0  |1 0  |4 0  |d 2011-06-27  |l 0  |r 2026-02-24 08:19:12  |w 2026-02-24 
952 |a SNK  |b SNK  |y VYP  |7 0  |p 17A0705755  |o snkOSB 16315 D1  |i snk2011/14594  |8 0  |0 0  |1 0  |4 0  |d 2011-06-27  |l 0  |r 2026-02-24 08:19:12  |w 2026-02-24